Hamburger SV Squad 2016-2017 - Statistics

General Stats
  • This quiz has been taken 12 times
  • The average score is 20 of 34
Answer Stats
# Position Nation Player % Correct
1 GK Germany René Adler
100%
18 FW Gambia Bakery Jatta
88%
5 DF Switzerland Johan Djourou
88%
20 MF Sweden Albin Ekdal
75%
- Coach Germany Bruno Labbadia
75%
2 DF Germany Dennis Diekmeier
75%
4 DF Bosnia and Herzegovina Emir Spahić
75%
17 FW Serbia Filip Kostić
75%
24 DF Japan Gōtoku Sakai
75%
9 DF Greece Kyriakos Papadopoulos
75%
14 MF Germany Aaron Hunt
63%
7 FW United States Bobby Wood
63%
31 GK Germany Christian Mathenia
63%
3 DF Brazil Cléber Reis
63%
6 DF Brazil Douglas Santos
63%
8 MF Germany Lewis Holtby
63%
- Coach Germany Markus Gisdol
63%
13 DF Albania Mërgim Mavraj
63%
27 FW Germany Nicolai Müller
63%
10 FW Germany Pierre-Michel Lasogga
63%
12 MF Brazil Walace
63%
23 MF Croatia Alen Halilović
50%
30 GK Switzerland Andreas Hirzel
50%
28 MF Germany Gideon Jung
50%
15 FW Germany Luca Waldschmidt
50%
11 FW Austria Michael Gregoritsch
50%
36 GK Germany Tom Mickel
50%
25 FW Germany Mats Köhlert
38%
21 FW Sweden Nabil Bahoui
38%
39 DF Germany Ashton Götz
25%
19 MF Kosovo Dren Feka
25%
22 DF Germany Matthias Ostrzolek
25%
34 MF Germany Finn Porath
13%
32 DF Germany Frank Ronstadt
13%
No matching quizzes found
Score Distribution
Percent of People with Each Score
Percentile by Number Answered
Your Score History
You have not taken this quiz